00368nam a2200121Ia 4500020001800000082001600018245010000034250001400134260003200148300000900180650003500189700002200224 a0-14-028232-7 aRR 032 PEA; 0aPears cyclopaedia: 1999-2000 :a book of reference and background information for all the family a108th ed. aLondonbPenguin Booksc1999 av.p. aENCYCLOPEDIAS AND DICTIONARIES aCook, Christopher